000 00564nam a2200241Ia 4500
008 210210b2009 xxu||||| |||| 00| 0 eng d
020 _a9781853757044
041 _aeng
082 _a823.91 DOYS
100 _aDOYLE (Arthur Conan)
245 _aSherlock Holmes
_bTwenty four classic short stories
260 _aLondon
_bPrion
_c2009
300 _a655
650 _aTwenty
650 _astories
650 _ashort
650 _aSherlock
650 _aHolmes
650 _afour
650 _aclassic
690 _aEnglish Fiction
906 _a067264
999 _c149607
_d149607